000 00580nam a2200193Ii 4500
003 JO-AjNU
008 230605s9999||||xx |||||||||||||| ||und||
040 _aJO-AjNU
_bara
_erda
_cJO-AjNU
041 _aara
050 1 4 _aPJ7860.A64.Q24 1900
100 3 _aتأليف الروضان، عبد عون,
_eauthor
_949350
245 0 0 _aقفص من فضاء
264 3 1 _aد.ن
300 _a127ص
336 _atext
_btxt
_2rdacontent
337 _aunmediated
_bn
_2rdamedia
338 _avolume
_bnc
_2rdacarrier
650 4 _aالأدب العربي - قصص - العراق
_949351
999 _aA21670
_c25238
_d25238